<?xml version="1.0" encoding="UTF-8"?>
<record
    xmlns:xsi="http://www.w3.org/2001/XMLSchema-instance"
    xsi:schemaLocation="http://www.loc.gov/MARC21/slim http://www.loc.gov/standards/marcxml/schema/MARC21slim.xsd"
    xmlns="http://www.loc.gov/MARC21/slim">

  <leader>02673nam0a2200421 i 4500</leader>
  <controlfield tag="001">RU\NLR\BIBL_A\010654901</controlfield>
  <controlfield tag="005">20260406074005.0</controlfield>
  <datafield tag="010" ind1=" " ind2=" ">
    <subfield code="a">9785919120100</subfield>
    <subfield code="9">1000</subfield>
  </datafield>
  <datafield tag="021" ind1=" " ind2=" ">
    <subfield code="a">RU</subfield>
    <subfield code="b">14-91070</subfield>
  </datafield>
  <datafield tag="035" ind1=" " ind2=" ">
    <subfield code="a">(NILC)RuMoRGB-007832875</subfield>
  </datafield>
  <datafield tag="035" ind1=" " ind2=" ">
    <subfield code="a">(NLR Aleph) 010654901</subfield>
  </datafield>
  <datafield tag="090" ind1=" " ind2=" ">
    <subfield code="a">10721858</subfield>
    <subfield code="c">10721858</subfield>
  </datafield>
  <datafield tag="100" ind1=" " ind2=" ">
    <subfield code="a">20150129d2014    km y0rusy50      ca</subfield>
  </datafield>
  <datafield tag="101" ind1="0" ind2=" ">
    <subfield code="a">rus</subfield>
    <subfield code="d">eng</subfield>
    <subfield code="e">rus</subfield>
    <subfield code="e">eng</subfield>
  </datafield>
  <datafield tag="102" ind1=" " ind2=" ">
    <subfield code="a">RU</subfield>
  </datafield>
  <datafield tag="105" ind1=" " ind2=" ">
    <subfield code="a">a|||z|||000yy</subfield>
  </datafield>
  <datafield tag="200" ind1="1" ind2=" ">
    <subfield code="a">&#x41D;&#x430;&#x443;&#x447;&#x43D;&#x43E;-&#x43E;&#x431;&#x440;&#x430;&#x437;&#x43E;&#x432;&#x430;&#x442;&#x435;&#x43B;&#x44C;&#x43D;&#x44B;&#x439; &#x43F;&#x43E;&#x442;&#x435;&#x43D;&#x446;&#x438;&#x430;&#x43B; &#x440;&#x435;&#x433;&#x438;&#x43E;&#x43D;&#x430;</subfield>
    <subfield code="d">Scientific-educational potential of a region</subfield>
    <subfield code="f">&#x424;.&#x421;. &#x424;&#x430;&#x439;&#x437;&#x443;&#x43B;&#x43B;&#x438;&#x43D;, &#x41C;.&#x422;. &#x428;&#x430;&#x444;&#x438;&#x43A;&#x43E;&#x432;, &#x422;.&#x424;. &#x424;&#x430;&#x439;&#x437;&#x443;&#x43B;&#x43B;&#x438;&#x43D;, &#x41B;.&#x41D;. &#x422;&#x438;&#x43C;&#x438;&#x440;&#x43E;&#x432;&#x430;</subfield>
    <subfield code="g">&#x410;&#x43A;&#x430;&#x434;. &#x43D;&#x430;&#x443;&#x43A; &#x420;&#x435;&#x441;&#x43F;. &#x411;&#x430;&#x448;&#x43A;&#x43E;&#x440;&#x442;&#x43E;&#x441;&#x442;&#x430;&#x43D;, &#x424;&#x413;&#x411;&#x41E;&#x423; &#x412;&#x41F;&#x41E; "&#x423;&#x444;&#x438;&#x43C;. &#x433;&#x43E;&#x441;. &#x430;&#x432;&#x438;&#x430;&#x446;. &#x442;&#x435;&#x445;&#x43D;. &#x443;&#x43D;-&#x442;"</subfield>
    <subfield code="z">eng</subfield>
  </datafield>
  <datafield tag="210" ind1=" " ind2=" ">
    <subfield code="a">&#x423;&#x444;&#x430;</subfield>
    <subfield code="c">&#x410;&#x43A; &#x418;&#x434;&#x435;&#x43B;&#x44C; &#x41F;&#x440;&#x435;&#x441;&#x441;</subfield>
    <subfield code="d">2014</subfield>
  </datafield>
  <datafield tag="215" ind1=" " ind2=" ">
    <subfield code="a">153 &#x441;.</subfield>
    <subfield code="c">&#x438;&#x43B;.</subfield>
    <subfield code="d">21</subfield>
  </datafield>
  <datafield tag="300" ind1=" " ind2=" ">
    <subfield code="a">&#x410;&#x432;&#x442;. &#x442;&#x430;&#x43A;&#x436;&#x435; &#x43D;&#x430; &#x430;&#x43D;&#x433;&#x43B;. &#x44F;&#x437;.: F. Fayzullin, M. Shafikov, T. Fayzullin, L. Timirova</subfield>
  </datafield>
  <datafield tag="300" ind1=" " ind2=" ">
    <subfield code="a">&#x41D;&#x430; 4-&#x439; &#x441;. &#x43E;&#x431;&#x43B;. &#x430;&#x432;&#x442;.: &#x424;&#x430;&#x439;&#x437;&#x443;&#x43B;&#x43B;&#x438;&#x43D; &#x424;&#x430;&#x43D;&#x438;&#x43B;&#x44C; &#x421;&#x430;&#x438;&#x442;&#x43E;&#x432;&#x438;&#x447;, &#x430;&#x43A;&#x430;&#x434;. &#x410;&#x43A;&#x430;&#x434;. &#x43D;&#x430;&#x443;&#x43A; &#x420;&#x435;&#x441;&#x43F;. &#x411;&#x430;&#x448;&#x43A;&#x43E;&#x440;&#x442;&#x43E;&#x441;&#x442;&#x430;&#x43D; [&#x438; &#x434;&#x440;.], &#x434;.&#x444;&#x438;&#x43B;&#x43E;&#x441;.&#x43D;., &#x43F;&#x440;&#x43E;&#x444;., &#x437;&#x430;&#x441;&#x43B;. &#x440;&#x430;&#x431;&#x43E;&#x442;&#x43D;&#x438;&#x43A; &#x432;&#x44B;&#x441;&#x448;. &#x448;&#x43A;. &#x420;&#x43E;&#x441;. &#x424;&#x435;&#x434;&#x435;&#x440;&#x430;&#x446;&#x438;&#x438;, &#x428;&#x430;&#x444;&#x438;&#x43A;&#x43E;&#x432; &#x41C;&#x443;&#x43D;&#x438;&#x440; &#x422;&#x430;&#x433;&#x434;&#x438;&#x43B;&#x43E;&#x432;&#x438;&#x447;, &#x434;.&#x444;&#x438;&#x43B;&#x43E;&#x441;.&#x43D;., &#x424;&#x430;&#x439;&#x437;&#x443;&#x43B;&#x43B;&#x438;&#x43D; &#x422;&#x430;&#x433;&#x438;&#x440; &#x424;&#x430;&#x43D;&#x438;&#x43B;&#x435;&#x432;&#x438;&#x447;, &#x43A;.&#x441;&#x43E;&#x446;&#x438;&#x43E;&#x43B;.&#x43D;., &#x422;&#x438;&#x43C;&#x438;&#x440;&#x43E;&#x432;&#x430; (&#x412;&#x43E;&#x440;&#x43E;&#x43D;&#x43E;&#x432;&#x430;) &#x41B;&#x438;&#x44F; &#x41D;&#x430;&#x438;&#x43B;&#x435;&#x432;&#x43D;&#x430;, &#x43A;.&#x441;&#x43E;&#x446;&#x438;&#x43E;&#x43B;.&#x43D;.</subfield>
  </datafield>
  <datafield tag="300" ind1=" " ind2=" ">
    <subfield code="a">&#x420;&#x435;&#x437;. &#x43D;&#x430; &#x430;&#x43D;&#x433;&#x43B;. &#x44F;&#x437;.</subfield>
  </datafield>
  <datafield tag="320" ind1=" " ind2=" ">
    <subfield code="a">&#x411;&#x438;&#x431;&#x43B;&#x438;&#x43E;&#x433;&#x440;.: &#x441;. 142-148 (70 &#x43D;&#x430;&#x437;&#x432;.)</subfield>
  </datafield>
  <datafield tag="510" ind1="1" ind2=" ">
    <subfield code="a">Scientific-educational potential of a region</subfield>
    <subfield code="z">eng</subfield>
  </datafield>
  <datafield tag="606" ind1=" " ind2=" ">
    <subfield code="a">&#x412;&#x44B;&#x441;&#x448;&#x435;&#x435; &#x43E;&#x431;&#x440;&#x430;&#x437;&#x43E;&#x432;&#x430;&#x43D;&#x438;&#x435;</subfield>
    <subfield code="y">&#x411;&#x430;&#x448;&#x43A;&#x43E;&#x440;&#x442;&#x43E;&#x441;&#x442;&#x430;&#x43D;, &#x420;&#x435;&#x441;&#x43F;&#x443;&#x431;&#x43B;&#x438;&#x43A;&#x430;</subfield>
    <subfield code="9">2184732</subfield>
    <subfield code="3">RU\NLR\AUTH\661313562</subfield>
  </datafield>
  <datafield tag="606" ind1="1" ind2=" ">
    <subfield code="a">&#x41D;&#x430;&#x443;&#x43A;&#x430;</subfield>
    <subfield code="y">&#x411;&#x430;&#x448;&#x43A;&#x43E;&#x440;&#x442;&#x43E;&#x441;&#x442;&#x430;&#x43D;, &#x420;&#x435;&#x441;&#x43F;&#x443;&#x431;&#x43B;&#x438;&#x43A;&#x430;</subfield>
    <subfield code="9">2102840</subfield>
    <subfield code="3">RU\NLR\AUTH\661271588</subfield>
  </datafield>
  <datafield tag="686" ind1="1" ind2=" ">
    <subfield code="a">&#x427;484(2&#x420;-6&#x411;&#x430;&#x448;)</subfield>
  </datafield>
  <datafield tag="686" ind1="1" ind2=" ">
    <subfield code="a">&#x427;214(2&#x420;-6&#x411;)</subfield>
  </datafield>
  <datafield tag="701" ind1=" " ind2="1">
    <subfield code="8">rus</subfield>
    <subfield code="7">ca</subfield>
    <subfield code="a">&#x424;&#x430;&#x439;&#x437;&#x443;&#x43B;&#x43B;&#x438;&#x43D;</subfield>
    <subfield code="b">&#x424;. &#x421;.</subfield>
    <subfield code="f">1942-</subfield>
    <subfield code="g">&#x424;&#x430;&#x43D;&#x438;&#x43B;&#x44C; &#x421;&#x430;&#x438;&#x442;&#x43E;&#x432;&#x438;&#x447;</subfield>
    <subfield code="3">RU\NLR\AUTH\7718595</subfield>
    <subfield code="9">1671</subfield>
  </datafield>
  <datafield tag="701" ind1=" " ind2="1">
    <subfield code="a">&#x428;&#x430;&#x444;&#x438;&#x43A;&#x43E;&#x432;</subfield>
    <subfield code="b">&#x41C;. &#x422;.</subfield>
    <subfield code="f">1958-</subfield>
    <subfield code="g">&#x41C;&#x443;&#x43D;&#x438;&#x440; &#x422;&#x430;&#x433;&#x434;&#x438;&#x43B;&#x43E;&#x432;&#x438;&#x447;</subfield>
  </datafield>
  <datafield tag="701" ind1=" " ind2="1">
    <subfield code="a">&#x424;&#x430;&#x439;&#x437;&#x443;&#x43B;&#x43B;&#x438;&#x43D;</subfield>
    <subfield code="b">&#x422;. &#x424;.</subfield>
    <subfield code="g">&#x422;&#x430;&#x433;&#x438;&#x440; &#x424;&#x430;&#x43D;&#x438;&#x43B;&#x435;&#x432;&#x438;&#x447;</subfield>
  </datafield>
  <datafield tag="701" ind1=" " ind2="1">
    <subfield code="a">&#x422;&#x438;&#x43C;&#x438;&#x440;&#x43E;&#x432;&#x430;</subfield>
    <subfield code="b">&#x41B;. &#x41D;.</subfield>
    <subfield code="c">&#x43A;&#x430;&#x43D;&#x434;. &#x441;&#x43E;&#x446;&#x438;&#x43E;&#x43B;. &#x43D;&#x430;&#x443;&#x43A;</subfield>
    <subfield code="g">&#x41B;&#x438;&#x44F; &#x41D;&#x430;&#x438;&#x43B;&#x435;&#x432;&#x43D;&#x430;</subfield>
    <subfield code="3">RU\NLR\AUTH\770141731</subfield>
    <subfield code="9">141695</subfield>
  </datafield>
  <datafield tag="801" ind1=" " ind2="0">
    <subfield code="a">RU</subfield>
    <subfield code="b">&#x420;&#x413;&#x411;</subfield>
    <subfield code="c">20141203</subfield>
    <subfield code="g">RCR</subfield>
  </datafield>
  <datafield tag="801" ind1=" " ind2="1">
    <subfield code="a">RU</subfield>
    <subfield code="b">&#x420;&#x413;&#x411;</subfield>
    <subfield code="c">20141203</subfield>
    <subfield code="2">rusmarc</subfield>
  </datafield>
  <datafield tag="942" ind1=" " ind2=" ">
    <subfield code="c">BOOK</subfield>
  </datafield>
  <datafield tag="980" ind1=" " ind2=" ">
    <subfield code="a">NBR</subfield>
  </datafield>
</record>
